01366nam a2200229Ia 4500001000600000003000900006008004100015040001300056040001300069041001500082100001800097100002900115245003400144245015900178250001100337260004500348260004900393300005700442500057800499650002801077650003101105K0402IT-RoPAU130308s9999 xx 000 0 und d aIT-RoPAU cIT-RoPAU aITALIANO  aNavarra Bruno gCodice Aut. SPICS: 60157 aBasilica concattedrale, segni bBasilica Concattedrale, segni  a1a ed. bs.e. (senza Editrice o non identificata) c1987 [1° Ed.:1987 - Ed.Ling.Originale:1987] a"110 p. (prefazione: no ; testo: 110 [pagine: 0-0])" a"Storia e Arte: Storia; Descrizione Esterno, Interno; Altare di S. Antonio e Cappella di S. Bruno; Cappella del Rosario; Battistero e Altare dell'Addolorata; Cappella del Coro; Sacrestia; Altare di S. tommaso e Cappella di S. Giuseppe; Cappella Ss. Sacramento; Cappella di S. Francesco e Altare del Crocifisso; Organo; Diritto di Patronato. Iscrizioni nella Chiesa di S. Maria Assunta. Campanile della Cattedrale: Maestranze Romaniche; Arte romanica Nei Campanili di Segni e Anagni; Piani Piu' Antichi; Riquadri e Finestre; Quarto e quinto Piano; Campane. Bibliografia. " aSAGGI SULLE ARTI VISIVE eCodice materia Spics: 5011